|
|
|
|
| LEADER |
00903naa a2200241 i 4500 |
| 001 |
publ5601 |
| 005 |
20220912132049.0 |
| 008 |
150916s1997 hu o 1|| zxx d |
| 024 |
7 |
|
|a 1064110
|2 mtmt
|
| 040 |
|
|
|a SZTE Publicatio Repozitórium
|b hun
|
| 041 |
|
|
|a zxx
|
| 100 |
1 |
|
|a Kuba Attila
|
| 245 |
1 |
0 |
|a Orvosi képarchiváló és továbbító rendszer szoftvere
|h [elektronikus dokumentum] /
|c Kuba Attila
|
| 260 |
|
|
|c 1997
|
| 300 |
|
|
|a 189-193
|
| 650 |
|
4 |
|a Számítás- és információtudomány
|
| 700 |
0 |
1 |
|a Alexin Zoltán
|e aut
|
| 700 |
0 |
1 |
|a Nyúl László
|e aut
|
| 700 |
0 |
1 |
|a Nagy Antal
|e aut
|
| 700 |
0 |
1 |
|a Csernay László
|e aut
|
| 700 |
0 |
1 |
|a Almási László
|e aut
|
| 711 |
|
|
|a Magyar Képfeldolgozók és Alakfelismerők Országos Konferenciája
|c Keszthely, Magyarország
|d 1997. október 9-11.
|
| 856 |
4 |
0 |
|u http://publicatio.bibl.u-szeged.hu/5601/1/Orvosi_keparchivalo_KEPAF1997.pdf
|z Dokumentum-elérés
|